<?xml version="1.0" encoding="UTF-8"?><?xml-stylesheet type="text/xsl" href="static/style.xsl"?><OAI-PMH xmlns="http://www.openarchives.org/OAI/2.0/" xmlns:xsi="http://www.w3.org/2001/XMLSchema-instance" xsi:schemaLocation="http://www.openarchives.org/OAI/2.0/ http://www.openarchives.org/OAI/2.0/OAI-PMH.xsd"><responseDate>2026-04-27T02:05:08Z</responseDate><request verb="GetRecord" identifier="oai:repisalud.isciii.es:20.500.12105/7464" metadataPrefix="marc">https://repisalud.isciii.es/rest/oai/request</request><GetRecord><record><header><identifier>oai:repisalud.isciii.es:20.500.12105/7464</identifier><datestamp>2025-05-07T11:07:21Z</datestamp><setSpec>com_20.500.12105_2052</setSpec><setSpec>com_20.500.12105_2051</setSpec><setSpec>col_20.500.12105_19609</setSpec></header><metadata><record xmlns="http://www.loc.gov/MARC21/slim" xmlns:dcterms="http://purl.org/dc/terms/" xmlns:doc="http://www.lyncode.com/xoai" xmlns:xsi="http://www.w3.org/2001/XMLSchema-instance" xsi:schemaLocation="http://www.loc.gov/MARC21/slim http://www.loc.gov/standards/marcxml/schema/MARC21slim.xsd">
   <leader>00925njm 22002777a 4500</leader>
   <datafield ind2=" " ind1=" " tag="042">
      <subfield code="a">dc</subfield>
   </datafield>
   <datafield ind2=" " ind1=" " tag="720">
      <subfield code="a">Infantes-Lorenzo, Jose Antonio</subfield>
      <subfield code="e">author</subfield>
   </datafield>
   <datafield ind2=" " ind1=" " tag="720">
      <subfield code="a">Moreno-Iruela, Inmaculada</subfield>
      <subfield code="e">author</subfield>
   </datafield>
   <datafield ind2=" " ind1=" " tag="720">
      <subfield code="a">Roy, A</subfield>
      <subfield code="e">author</subfield>
   </datafield>
   <datafield ind2=" " ind1=" " tag="720">
      <subfield code="a">Risalde, María A</subfield>
      <subfield code="e">author</subfield>
   </datafield>
   <datafield ind2=" " ind1=" " tag="720">
      <subfield code="a">Balseiro, A</subfield>
      <subfield code="e">author</subfield>
   </datafield>
   <datafield ind2=" " ind1=" " tag="720">
      <subfield code="a">Juan Ferre, Lucia de</subfield>
      <subfield code="e">author</subfield>
   </datafield>
   <datafield ind2=" " ind1=" " tag="720">
      <subfield code="a">Romero, B</subfield>
      <subfield code="e">author</subfield>
   </datafield>
   <datafield ind2=" " ind1=" " tag="720">
      <subfield code="a">Bezos, J</subfield>
      <subfield code="e">author</subfield>
   </datafield>
   <datafield ind2=" " ind1=" " tag="720">
      <subfield code="a">Puentes, E</subfield>
      <subfield code="e">author</subfield>
   </datafield>
   <datafield ind2=" " ind1=" " tag="720">
      <subfield code="a">Åkerstedt, J</subfield>
      <subfield code="e">author</subfield>
   </datafield>
   <datafield ind2=" " ind1=" " tag="720">
      <subfield code="a">Tessema, G T</subfield>
      <subfield code="e">author</subfield>
   </datafield>
   <datafield ind2=" " ind1=" " tag="720">
      <subfield code="a">Gortázar, C</subfield>
      <subfield code="e">author</subfield>
   </datafield>
   <datafield ind2=" " ind1=" " tag="720">
      <subfield code="a">Domínguez, L</subfield>
      <subfield code="e">author</subfield>
   </datafield>
   <datafield ind2=" " ind1=" " tag="720">
      <subfield code="a">Dominguez-Rodriguez, Mercedes</subfield>
      <subfield code="e">author</subfield>
   </datafield>
   <datafield ind2=" " ind1=" " tag="260">
      <subfield code="c">2019-03-01</subfield>
   </datafield>
   <datafield ind2=" " ind1=" " tag="520">
      <subfield code="a">Background: Serum antibody detection has potential as a complementary diagnostic tool in animal tuberculosis (TB) control, particularly in multi-host systems. The objective of the present study was to assess the specificity (Sp) of an enzyme-linked immunosorbent assay (ELISA) based on the new multiprotein complex P22 for the detection of specific antibodies against the Mycobacterium tuberculosis complex (MTC) in the four most relevant domestic animals acting as MTC hosts: cattle, goat, sheep and pig. We used sera from an officially TB-free (OTF) country, Norway, and from a non-OTF one, Spain. The samples included sera from goats that had been vaccinated against M. avium subsp. paratuberculosis (MAP) and sheep from a herd in which Corynebacterium pseudotuberculosis had been isolated. Results: In cattle, the Sp ranged from 92.5 (IC95% 90.7-94) to 99.4% (IC95% 98.3-99.8) depending on the cut-off used and the origin of the samples (Spain or Norway). Sp in cattle (cut-off point 100) was significantly higher (P &lt; 0.05) for Norwegian samples. By contrast, Sp in goats was consistently low at the 100 cut-off [30.9 (CI95%23.4-39.5)-78% (CI95% 68.9-85)]. A higher cut-off of 150 improved Sp in Norwegian goats [97% (CI95% 91.6-99)], but still yielded a poor Sp of 56.1% (CI95% 47.3-64.6) in Spanish goats. In Norway at the 100 cut-off the Sp was 58.3 (CI95% 42.2-72.9) and 90.6% (CI95% 81-95.6) in MAP vaccinated and non-vaccinated goats, respectively, indicating interference due to MAP vaccination. Sp in sheep was between 94.4 (CI95% 91.7-96.3) and 100% (CI95% 96.3-100) depending on the cut-off and country, and no diagnostic interference due to infection with C. pseudotuberculosis was recorded. Sp in pigs was 100%, regardless the cut-off point applied, and no significant differences were observed between pigs from Norway and from Spain. Conclusions: Due to its excellent Sp in pigs and acceptable Sp in cattle and sheep, this ELISA may constitute a suitable option for TB screening at herd level, particularly in OTF-countries.</subfield>
   </datafield>
   <datafield ind1="8" ind2=" " tag="024">
      <subfield code="a">BMC Vet Res. 2019 Mar 1;15(1):70.</subfield>
   </datafield>
   <datafield ind1="8" ind2=" " tag="024">
      <subfield code="a">1746-6148</subfield>
   </datafield>
   <datafield ind1="8" ind2=" " tag="024">
      <subfield code="a">http://hdl.handle.net/20.500.12105/7464</subfield>
   </datafield>
   <datafield ind1="8" ind2=" " tag="024">
      <subfield code="a">30823881</subfield>
   </datafield>
   <datafield ind1="8" ind2=" " tag="024">
      <subfield code="a">10.1186/s12917-019-1814-z</subfield>
   </datafield>
   <datafield ind1="8" ind2=" " tag="024">
      <subfield code="a">BMC veterinary research</subfield>
   </datafield>
   <datafield tag="653" ind2=" " ind1=" ">
      <subfield code="a">Animal tuberculosis</subfield>
   </datafield>
   <datafield tag="653" ind2=" " ind1=" ">
      <subfield code="a">Cattle</subfield>
   </datafield>
   <datafield tag="653" ind2=" " ind1=" ">
      <subfield code="a">Goat</subfield>
   </datafield>
   <datafield tag="653" ind2=" " ind1=" ">
      <subfield code="a">P22</subfield>
   </datafield>
   <datafield tag="653" ind2=" " ind1=" ">
      <subfield code="a">Pig</subfield>
   </datafield>
   <datafield tag="653" ind2=" " ind1=" ">
      <subfield code="a">Serum antibodies</subfield>
   </datafield>
   <datafield tag="653" ind2=" " ind1=" ">
      <subfield code="a">Sheep</subfield>
   </datafield>
   <datafield ind2="0" ind1="0" tag="245">
      <subfield code="a">Specificity of serological test for detection of tuberculosis in cattle, goats, sheep and pigs under different epidemiological situations</subfield>
   </datafield>
</record></metadata></record></GetRecord></OAI-PMH>